| 000 | 01195cam a2200325 a 4500 | ||
|---|---|---|---|
| 001 | 13040715 | ||
| 003 | ARRUPE | ||
| 005 | 20211019102752.0 | ||
| 008 | 021223s2003 nyu b 001 0 eng | ||
| 010 | _a 2002156468 | ||
| 020 | _a0801441331 (cloth : alk. paper) | ||
| 040 |
_aDLC _cDLC _dDLC |
||
| 042 | _apcc | ||
| 050 | 0 | 0 |
_aHM1121 _b.W55 2003 |
| 082 | 0 | 0 |
_a305.8 _221 |
| 100 | 1 |
_aWilliams, Robin M., _cJr., _d1914-2006. _950565 |
|
| 245 | 1 | 4 |
_aThe wars within : _bpeoples and states in conflict / _cRobin M. Williams, Jr. |
| 260 |
_aIthaca : _bCornell University Press, _c2003. |
||
| 300 |
_axiii, 318 p. ; _c24 cm. |
||
| 504 | _aIncludes bibliographical references (p. 291-313) and index. | ||
| 650 | 0 |
_aEthnic conflict. _937887 |
|
| 650 | 0 |
_aPolitical violence. _941349 |
|
| 650 | 0 |
_aCivil war. _950566 |
|
| 650 | 0 |
_aGenocide. _944916 |
|
| 650 | 0 | _aEthnic relations. | |
| 856 | 4 | 1 |
_3Table of contents _uhttp://www.loc.gov/catdir/toc/fy037/2002156468.html |
| 906 |
_a7 _bcbc _corignew _d1 _eecip _f20 _gy-gencatlg |
||
| 942 |
_2lcc _cMONOGRAPH |
||
| 999 |
_c130930 _d130930 |
||